رسائل بن غوريون / (Record no. 24829)
[ view plain ]
| 000 -الفاتح | |
|---|---|
| حقل البيانات ثابتة الطول | 01481nam a2200349 i 4500 |
| 003 - محدد رقم الضبط | |
| رقم الضبط | EG-ScBUE |
| 005 - وقت وتاريخ اخر تعامل مع التسجيلة | |
| رقم الضبط | 20231126095051.0 |
| 008 - عناصر البيانات ثابتة الطول - معلومات عامة | |
| حقل البيانات ثابتة الطول | 170511s2014 jo a f 000 0aara d |
| 017 ## - رقم الإيداع القانونى | |
| رقم الإيداع القانونى | 2013 / 7 / 2290 |
| 020 ## - الرقم الدولى المعيارى للكتب | |
| الرقم الدولى المعيارى للكتاب | 9789957790646 |
| 040 ## - مصدر الفهرسة | |
| وكالة الفهرسة الأصلية | EG-ScBUE |
| لغة الفهرسة | ara |
| قواعد الوصف | rda |
| وكالة النسخ | EG-ScBUE |
| وكالة التعديل | EG-ScBUE |
| 041 1# - رمز اللغة | |
| رمز لغة النص/ المسارات الصوتية أو العنوان الانفرادي | ara |
| رمز لغة الترجمات و/او الاصلية المتوسطة للنص | und |
| 043 ## - رمز المنطقة الجغرافية | |
| رمز المنطقة الجغرافية | a-is--- |
| 082 04 - رقم تصنيف ديوى العشرى | |
| رقم التصنيف | 932.1 |
| رقم المادة | ب ن غ |
| رقم الطبعة | 22 |
| 100 1# - المدخل الرئيسى - إسم شخصى | |
| الإسم الشخصى | بن غوريون، دافيد، |
| التواريخ المصاحبة للاسم | 1884-1973، |
| الدور | مؤلف. |
| 245 10 - بيان العنوان | |
| العنوان | رسائل بن غوريون / |
| بيان المسئوليه,etc | ترجمة الأميرة دينا عبد الحميد. |
| 264 #1 - النشر، التوزيع | |
| مكان الناشر او الموزع | عمان، الأردن : |
| اسم الناشر او الموزع | دار اليازوري العلمية للنشر والتوزيع : |
| -- | دروب : |
| -- | دار الجليل للنشر، |
| تاريخ النشر أو التوزيع | 2014. |
| 300 ## - الوصف المادى | |
| التعداد | 230 صفحة : |
| تفاصيل ماديه اخرى للوعاء | إيضاحيات ؛ |
| أبعاد الوعاء | 24 سم. |
| 336 ## - نوع المحتوى | |
| source | rdacontent |
| Carrier Type Term | نص |
| Content Type Code | txt |
| 337 ## - نوع الوسيط | |
| Media Type Term | بدون وسيط |
| source | rdamedia |
| Media Type Code | n |
| 338 ## - نوع الحامل أو الناقل | |
| Carrier Type Term | مجلد |
| Carrier Type Code | nc |
| source | rdacarrier |
| 490 0# - بيان السلسلة | |
| عنوان السلسلة | شخصيات صهيونية ؛ |
| رقم المجلد/ التعيين التسلسلي | 8 |
| 546 ## - تبصرة اللغة | |
| تبصرة اللغة | النص مترجم إلى اللغة العربية. |
| 600 17 - المدخل الاضافى بالموضوع-اسم شخصى | |
| مصدر الرأس أو المصطلح | BUEsh |
| الإسم الشخصى | بن غوريون، دافيد، |
| التواريخ المصاحبة للاسم | 1884-1973، |
| التقسيم الفرعي الشكلي | مراسلات. |
| 650 #7 - المدخل الاضافى بالموضوع-مصطلح موضوعى | |
| مصطلح موضوعي أو اسم جغرافي كعنصر مدخل | النزاع العربي الإسرائيلي. |
| مصدر الرأس أو المصطلح | BUEsh |
| 650 #7 - المدخل الاضافى بالموضوع-مصطلح موضوعى | |
| مصطلح موضوعي أو اسم جغرافي كعنصر مدخل | الصهيونية |
| التقسيم الفرعي العام | إسرائيل. |
| مصدر الرأس أو المصطلح | BUEsh |
| 651 #7 - المدخل الاضافى بالموضوع - اسم جغرافى | |
| الاسم الجغرافي | فلسطين |
| التقسيم الفرعي العام | تاريخ |
| التقسيم الفرعي الزمني | الاحتلال الإسرائيلي، 1948- |
| مصدر الرأس أو المصطلح | BUEsh |
| 653 ## - مصطلح تكشيفى غير مقيد | |
| Resource For college | Generalities |
| Arrived date list | May2017 |
| 655 ## - مصطلح تكشيفى-نوع/شكل | |
| التقسيم الفرعي الشكلي | Reading book |
| 700 1# - المدخل الاضافى - اسم شخصى | |
| الإسم الشخصى | عبد الحميد، الأميرة دينا، |
| الدور | مترجم. |
| 942 ## - عناصر المدخل الإضافي( كوها) | |
| مصدر التصنيف او مخطط الترفيف | Dewey Decimal Classification |
| حالة التراجع | حالة الفقد | مصدر التصنيف او خطة الترفيف | حالة تلف | ليس للاعارة | مجموعات كوها | المكان الدائم | المكان الحالي | موقع الترفيف | تاريخ الاكتساب | Source of acquisition | سعر الشراء الطبيعي | تعداد مسلسل / التسلسل الزمني | رقم الاستدعاء | الباركود | Date last seen | التكلفة | نوع الوعاء |
|---|---|---|---|---|---|---|---|---|---|---|---|---|---|---|---|---|---|
| Dewey Decimal Classification | Madboly | Central Library | Central Library | Second Floor | 11/05/2017 | Purchase | 100.00 | 04183 | 932.1 ب ن غ | 000041849 | 15/07/2025 | 125.00 | Book - Borrowing |